[Event "Arak op 15th"]
[Site "Arak"]
[Date "2016.08.14"]
[Round "5"]
[White "Ali Babaei, Sasan"]
[Black "Barzigar Touchahi, Behrang"]
[Result "0-1"]
[WhiteElo "1945"]
[BlackElo "2165"]
[PlyCount "58"]
[EventDate "2016.08.11"]
[EventType "swiss"]
[EventRounds "11"]
[EventCountry "IRI"]
[SourceTitle "CBM 173 Extra"]
[Source "ChessBase"]
[SourceDate "2016.08.29"]
[SourceVersion "1"]
[SourceVersionDate "2016.08.29"]
[SourceQuality "1"]

1. e4 c5 2. Nc3 Nc6 3. g3 g6 4. Bg2 Bg7 5. d3 e6 6. Be3 Nd4 7. Qd2 Ne7 8. Nd1 b6 9. c3 Ndc6 10. Ne2 Ba6 11. f4 0-0 12. 0-0 f5 13. Re1 Qc7 14. Rc1 Rad8 15. b4 cxb4 16. cxb4 Qd6 17. a3 Qxd3 18. Qxd3 Bxd3 19. e5 Rc8 20. Nb2 Bxe2 21. Rxe2 Nd5 22. Kf2 Nxe3 23. Kxe3 Nxe5 24. Rxc8 Ng4+ 25. Kd3 Rxc8 26. Nc4 d5 27. Nd6 Rc3+ 28. Kd2 Rxa3 29. h3 Nf6 0-1

[Event "Asian Schools U17 12th"]
[Site "Tehran"]
[Date "2016.07.16"]
[Round "9"]
[White "Jacutina, John Merill"]
[Black "Ali Babaei, Sasan"]
[Result "1-0"]
[WhiteElo "2055"]
[BlackElo "2037"]
[PlyCount "61"]
[EventDate "2016.07.11"]
[EventType "swiss"]
[EventRounds "9"]
[EventCountry "IRI"]
[SourceTitle "EXT 2017"]
[Source "ChessBase"]
[SourceDate "2016.10.25"]
[SourceVersion "1"]
[SourceVersionDate "2016.10.25"]
[SourceQuality "1"]

1. d4 Nf6 2. c4 e6 3. Nc3 Bb4 4. e3 0-0 5. Nge2 Re8 6. a3 Bf8 7. g3 d6 8. e4 c5 9. Bg2 cxd4 10. Nxd4 e5 11. Nc2 Be6 12. Nd5 Nbd7 13. 0-0 Rc8 14. Nce3 Bxd5 15. cxd5 Nc5 16. f3 a5 17. b4 axb4 18. axb4 Na6 19. Bd2 g6 20. Bh3 Ra8 21. Nc4 Nh5 22. Qb3 f5 23. exf5 gxf5 24. Bxf5 Qf6 25. Be4 Bh6 26. Bxh6 Qxh6 27. Ne3 Rf8 28. Nf5 Qg5 29. h4 Qd8 30. Qe3 Rc8 31. Qh6 1-0

[Event "Asian Schools-ch U17 12th Blitz"]
[Site "Tehran"]
[Date "2016.07.16"]
[Round "7.3"]
[White "Omidi, Arya"]
[Black "Ali Babaei, Sasan"]
[Result "1-0"]
[WhiteElo "2161"]
[BlackElo "1948"]
[PlyCount "155"]
[EventDate "2016.07.16"]
[EventType "swiss"]
[EventRounds "9"]
[EventCountry "IRI"]
[SourceTitle "EXT 2024"]
[Source "ChessBase"]
[SourceDate "2023.10.10"]
[SourceVersion "1"]
[SourceVersionDate "2023.10.10"]
[SourceQuality "1"]

1. e4 e5 2. Nf3 Nc6 3. Bb5 Bc5 4. 0-0 Nf6 5. c3 0-0 6. d3 d6 7. h3 h6 8. Nbd2 a6 9. Ba4 Ba7 10. Bc2 Ne7 11. d4 Ng6 12. Nc4 Qe7 13. Ne3 Rd8 14. Qe1 Re8 15. Nf5 Bxf5 16. exf5 Nf8 17. dxe5 dxe5 18. Be3 Bc5 19. Rd1 e4 20. Nd4 Rad8 21. Bb3 N8d7 22. Bc2 Ne5 23. b3 Bb6 24. Qe2 Bxd4 25. Bxd4 c5 26. Be3 b6 27. a4 Qb7 28. a5 Nfd7 29. axb6 Qxb6 30. Ra1 Ra8 31. Bxe4 Ra7 32. Rfd1 Nf6 33. Bf3 Nxf3+ 34. Qxf3 Qxb3 35. Bxc5 Rc7 36. Bd4 Rec8 37. Rxa6 Ne4 38. Qg4 Ng5 39. Raa1 f6 40. h4 Nh7 41. Qe4 Qf7 42. Ra6 Nf8 43. Rda1 Re8 44. Qf3 Rce7 45. g3 Nd7 46. Kg2 Ne5 47. Bxe5 Rxe5 48. Ra7 R5e7 49. Rxe7 Qxe7 50. Ra6 Qe5 51. c4 Rc8 52. Qd5+ Qxd5+ 53. cxd5 Rc5 54. Ra8+ Kf7 55. Ra7+ Kf8 56. Ra8+ Kf7 57. d6 Rd5 58. Ra7+ Kf8 59. d7 Ke7 60. d8Q+ Kxd8 61. Rxg7 Rxf5 62. Rg6 Ke7 63. Rxh6 Kf7 64. Rh7+ Kg6 65. Ra7 Rb5 66. Ra4 Rb2 67. Rf4 f5 68. Kh3 Rb1 69. Kg2 Rb3 70. Ra4 Rb6 71. Kf3 Rb2 72. Ra6+ Kh5 73. Rf6 Rb3+ 74. Kg2 Rb5 75. Kh3 Re5 76. f3 Re3 77. Rxf5+ Kg6 78. Rf4 1-0

[Event "Avicenna op 12th"]
[Site "Hamedan"]
[Date "2015.09.03"]
[Round "2"]
[White "Ghaem Maghami, Ehsan"]
[Black "Ali Babaei, Sasan"]
[Result "1-0"]
[WhiteElo "2596"]
[BlackElo "1931"]
[PlyCount "43"]
[EventDate "2015.09.02"]
[EventType "swiss"]
[EventRounds "11"]
[EventCountry "IRI"]
[SourceTitle "EXT 2016"]
[Source "ChessBase"]
[SourceDate "2015.10.08"]
[SourceVersion "1"]
[SourceVersionDate "2015.10.08"]
[SourceQuality "1"]

1. Nf3 Nf6 2. c4 e6 3. g3 b6 4. Bg2 Bb7 5. 0-0 Be7 6. d4 0-0 7. Re1 d6 8. Nc3 Ne4 9. Qc2 Nxc3 10. Ng5 Be4 11. Bxe4 Nxe4 12. Qxe4 Bxg5 13. Qxa8 Bxc1 14. Raxc1 Qd7 15. Qxa7 f5 16. d5 e5 17. c5 dxc5 18. b4 f4 19. bxc5 e4 20. cxb6 Qh3 21. gxf4 cxb6 22. Qe7 1-0

[Event "Tehran Behin Cup 2nd"]
[Site "Tehran"]
[Date "2014.11.15"]
[Round "1"]
[White "Nadanian, Ashot S"]
[Black "Ali Babaei, Sasan"]
[Result "1-0"]
[WhiteElo "2385"]
[BlackElo "1733"]
[PlyCount "79"]
[EventDate "2014.11.15"]
[EventType "swiss"]
[EventRounds "9"]
[EventCountry "IRI"]
[SourceTitle "CBM 163 Extra"]
[Source "ChessBase"]
[SourceDate "2014.12.23"]
[SourceVersion "1"]
[SourceVersionDate "2014.12.23"]
[SourceQuality "1"]

1. e4 e5 2. Nf3 Nc6 3. Bb5 Bc5 4. d3 Nf6 5. 0-0 d6 6. c3 0-0 7. Bg5 h6 8. Bh4 g5 9. Nxg5 hxg5 10. Bxg5 Kg7 11. Qf3 Rg8 12. Nd2 Qe7 13. Nc4 a6 14. Bxc6 bxc6 15. Ne3 Be6 16. Rae1 Bb6 17. h4 Rh8 18. g3 c5 19. h5 Rxh5 20. Bxf6+ Qxf6 21. Qxh5 Rh8 22. Nf5+ Kf8 23. Qf3 Bxf5 24. Qxf5 Qh6 25. Kg2 Qh2+ 26. Kf3 c4 27. dxc4 Rh3 28. Qg5 Rh5 29. Qd2 Rh3 30. Qg5 c6 31. Ke2 Qg2 32. Qg4 Rh2 33. Qf3 Qh3 34. Rh1 Rxh1 35. Rxh1 Qe6 36. b3 d5 37. cxd5 cxd5 38. exd5 Qg6 39. Kf1 e4 40. Qf4 1-0